Stretchable Electronics Using Wood-Based Functional Materials.

Bibliographic Details
Main Author: Mohammadi, Mohsen.
Format: eBook
Language:English
Published: Linköping : Linkopings Universitet, 2024.
Edition:1st ed.
Series:Linköping Studies in Science and Technology. Dissertations Series
Subjects:
Online Access:Click to View
LEADER 02235nam a22003853i 4500
001 EBC31279686
003 MiAaPQ
005 20240729202206.0
006 m o d |
007 cr cnu||||||||
008 240729s2024 xx o ||||0 eng d
020 |a 9789180755887  |q (electronic bk.) 
020 |z 9789180755870 
035 |a (MiAaPQ)EBC31279686 
035 |a (Au-PeEL)EBL31279686 
035 |a (OCoLC)1432589206 
040 |a MiAaPQ  |b eng  |e rda  |e pn  |c MiAaPQ  |d MiAaPQ 
100 1 |a Mohammadi, Mohsen. 
245 1 0 |a Stretchable Electronics Using Wood-Based Functional Materials. 
250 |a 1st ed. 
264 1 |a Linköping :  |b Linkopings Universitet,  |c 2024. 
264 4 |c {copy}2024. 
300 |a 1 online resource (98 pages) 
336 |a text  |b txt  |2 rdacontent 
337 |a computer  |b c  |2 rdamedia 
338 |a online resource  |b cr  |2 rdacarrier 
490 1 |a Linköping Studies in Science and Technology. Dissertations Series ;  |v v.2380 
505 0 |a Intro -- This is an updated version of the thesis -- Errata -- Abstract -- Populärvetenskaplig sammanfattning -- Acknowledgements -- List of acronyms -- Table of Contents -- Part I Introduction -- Background -- Aim of the thesis -- Thesis outline -- List of included publications -- Related publications not included in the thesis -- Part II Theoretical Background -- 1 Stretchable electronics -- 2 Wood based materials -- 3 Stretchable devices -- Part III Methodology -- 4 Methods -- Part IV Conclusion -- 5 Conclusions and outlook -- References -- Part V Publications. 
588 |a Description based on publisher supplied metadata and other sources. 
590 |a Electronic reproduction. Ann Arbor, Michigan : ProQuest Ebook Central, 2024. Available via World Wide Web. Access may be limited to ProQuest Ebook Central affiliated libraries.  
655 4 |a Electronic books. 
776 0 8 |i Print version:  |a Mohammadi, Mohsen  |t Stretchable Electronics Using Wood-Based Functional Materials  |d Linköping : Linkopings Universitet,c2024  |z 9789180755870 
797 2 |a ProQuest (Firm) 
830 0 |a Linköping Studies in Science and Technology. Dissertations Series 
856 4 0 |u https://ebookcentral.proquest.com/lib/matrademy/detail.action?docID=31279686  |z Click to View